Coupes du Monde de Football: Belgique - Statistiques

Statistiques générales
  • Ce quiz a été pris 1 214 fois
    955 depuis la dernière actualisation
  • Le résultat moyen est 20 sur 27
Statistiques - réponses
Réponse % Correct
France
99%
Brésil
97%
Angleterre
96%
Argentine
94%
Maroc
93%
Croatie
91%
Japon
91%
Canada
88%
Etats-Unis
86%
URSS
86%
Espagne
85%
Allemagne
81%
Italie
81%
Russie
81%
Tunisie
81%
Algérie
78%
Panama
75%
Mexique
74%
Uruguay
72%
Corée du Sud
70%
Pays-Bas
67%
Pologne
51%
Hongrie
44%
Paraguay
38%
Arabie Saoudite
37%
Irak
21%
Salvador
12%
Aucun quiz correspondant
Distribution des résultats
% des personnes avec chaque résultat
Percentile par nombre de réponses
Votre historique - résultats
Vous n’avez pas pris ce quiz depuis la dernière actualisation